| 000 | 02413cam a22003494i 4500 | ||
|---|---|---|---|
| 003 | PE-LiUPU | ||
| 005 | 20250731175630.0 | ||
| 008 | 150623s r 000 0 d | ||
| 035 | _a(Sirsi) a29313 | ||
| 040 |
_aPE-LiUPU _bspa _cPE-LiUPU _erda |
||
| 082 | 0 | 4 |
_a492 _bH22 _221 |
| 100 | 1 |
_aHarper's, William R., _eautor. |
|
| 245 | 1 | 0 | _aElements of Hebrew. |
| 264 | 1 |
_aNew York : _bCharles Scribers Sons, _c1921. |
|
| 300 |
_a210 páginas ; _c23 cm. |
||
| 336 |
_atext _2rdacontent |
||
| 337 |
_aunmediated _2rdamedia |
||
| 338 |
_avolume _2rdacarrier |
||
| 505 | 0 | _athe letters. - Remarks on the pronunciation of letters. - Remarks on the forms of letters. - Vowels. -The Vowel-Sings. - The Vowel letters. - The classificaction of the . - Vowel-Sounds. - The names of the vowels. - Other Points. - the accents. - The place of the accents. - Shifting of the tone. - The table of accents. - Syllables. - Kinds of Syllables. - Syllabification. - Quality of the Vowel in Syllables. - Euphonu of vowels. - Short vowels. - Naturally long vowels. - Tables of vowel-Changes. - Euphonu of consonants. - Assimilation.- Rejection. - Inseparable particles. - The article. - The Inseparable prepositions. - Pronouns. - The personal Pronoun. - The verb. - Roods. - Classes of verbs. -The tri-literal verb. - The strong verb. - The kal perfect. - The laryngeal. - the weak verb. - Bi-Literal verbs. - Classes of Bi-Literal verbs. - Nouns. - the inflection of nouns. - Nouns with one, originally short, formative vowel. - Nouns with Two, originally short, formative vowel. - Nouns with one short and one long formative vowel. - Nouns formed by prefyxing. - Nouns formed by means of affixes. - Separate particles. - Adverbs. - Propositions. - Conjunctions. -Interjections. -Paradigms. - the personal pronound and pronominal suffixes. -The strong verb. -Strong verb. | |
| 526 | _aP145 | ||
| 526 | _aP127 | ||
| 526 | _aP97 | ||
| 526 | _aP35 | ||
| 526 | _aP14 | ||
| 526 | _aP07 | ||
| 700 | 1 | _aSmith, Powis. | |
| 942 |
_2ddc _cBOOK |
||
| 949 |
_a492 H22 _wDEWEY _c1 _i31148 _lCCODEBUL1 _mBUL _p00.00 _r0 _sY _tBOOK _u2015-06-24 _xBIBLIOTECA _zUNKNOWN _0COMPRA _o.STAFF. Colección General |
||
| 596 | _a1 | ||
| 999 |
_a492 H22 _wDEWEY _c36658 _i31148 _f2021-11-12 _g5 _lCCODEBUL1 _mBUL _r0 _sY _tBOOK _u2015-6-24 _xTEOLOGIA _zUNKNOWN _0COMPRA _o.STAFF. Colección General _d36658 |
||
| 980 |
_81 _gALBERTO SANCHEZ Responsable de Automatización |
||